01431cac a2200361 i 4500003000900000005001700009008004100026020002100067020002600088040003800114043001200152050002500164082001600189110006900205245011900274250002400393264003300417300004800450336002600498337002800524338002700552500002600579504004100605610002500646650004200671650004900713650004200762650005300804650003800857650003300895856006000928856008100988EG-GICUC20260121101552.0040730s2004 nyua frb 000 0 eng d a0393326713qpbk. a9780393326710q(pbk.) aDLCcDLCdDLCdEG-GICUCbengerda an-us---00aHV6432.7b.N39 2004b00a343.4312212 aNational Commission on Terrorist Attacks upon the United States.14aThe 9/11 Commission report :bfinal report of the National Commission on Terrorist Attacks upon the United States. aAuthorized edition. aNew York :bNorton,c[2004]. axviii, 567 pages :billustrations ;c21 cm. atextbtxt2rdacontent aunmediatedbn2rdamedia avolumebnc2rdacarrier a"Authorized edition." aIncludes bibliographical references.20aQaida (Organization) 0aSeptember 11 Terrorist Attacks, 2001. 0aTerrorismxGovernment policyzUnited States. 0aTerrorismzUnited StatesxPrevention. 0aIntelligence servicezUnited StatesxEvaluation. 0aNational securityzUnited States. 0aWar on Terrorism, 2001-2009.41uhttps://fll.law.cu.edu.eg/fulltext/bks/ENGB10-00125.pdf413Table of contents onlyuhttp://www.loc.gov/catdir/toc/fy0715/2004057564.html